| 000 | 00856nam a2200193 i 4500 | ||
|---|---|---|---|
| 001 | bg | ||
| 245 | 0 |
_aMetoda brzegowych równań całkowitych w mechanice płynów : _bteoria i zastosowania / _c[red. nauk. Kazimierz Pieczonka]. |
|
| 260 |
_aWrocław : _bWydaw. PW, _c1993. |
||
| 300 |
_a144, [2] s. : _brys., wykr. ; _c24 cm. |
||
| 490 | 1 |
_aPrace Naukowe Instytutu Konstrukcji i Eksploatacji Maszyn Politechniki Wrocławskiej. Studia i Materiały, _v26 |
|
| 500 | _aSer. gł. : 0324-9638 ; 59. | ||
| 710 |
_aPolitechnika Wrocławska (Wrocław) _bInstytut Konstrukcji i Eksploatacji Maszyn |
||
| 830 | 0 |
_aPrace Naukowe Instytutu Konstrukcji i Eksploatacji Maszyn Politechniki Wrocławskiej. _pStudia i Materiały ; _v26 |
|
| 040 | _cBPK | ||
| 041 | _apol | ||
| 080 | _a532:621.01:517.9(061.3) | ||
| 942 | _cKS | ||
| 008 | s pl f |000 0 pol | ||
| 999 |
_c30003 _d30003 |
||
| 856 |
_uhttp://koha.tu.koszalin.pl/cgi-bin/koha/opac-detail.pl?biblionumber=30003 _yKatalog online BPK |
||